000 00886ngm a22002537i 4500
001 IT\ICCU\UBO\3381106
003 ItRI
005 20260124182913.0
008 080226s1997 it |||||||||||||||k|||||c
028 4 2 _aYO1901
040 _bita
041 7 _aita
_2ISO-639-2
130 0 _aKaze to ki no uta <film ; 1987>
_3IT\ICCU\UBO\3381146
245 0 3 _aIl poema del vento e degli alberi /
_cregia Yoshikazu Yasuhiko ; soggetto originale e supervisione Keiko Takemiya.
260 _aMilano :
_bYamato,
_cc1997
300 _a1 videocassetta (VHS) (60 min.) :
_bcolor. (PAL), son
500 _aTit. del contenitore
500 _aFilm del 1987, prod. Giappone
500 _aVietato ai minori di 18 anni.
700 1 _aYasuhiko, Yoshikazu
_0IT\ICCU\RMSV\673716
700 1 _aTakemiya, Keiko
_0IT\ICCU\UBOV\226124
830 0 _aYamato series
_0IT\ICCU\UBO\3381191
942 _2ddc
_cVM
_n0
999 _c23598
_d23598